| 000 | 00969cam a2200205 a 4500 | ||
|---|---|---|---|
| 020 | _a0880226188 : | ||
| 082 | 0 | 0 |
_a005.446 _bEWI _cM |
| 100 | 1 |
_aEwing, Sheila C. _936839 |
|
| 245 | 0 | 0 |
_aMS-DOS PC tutor / _cSheila C. Ewing, Caroline M. Halliday, J.D. Watson. |
| 260 |
_aCarmel, IN : _bQue Corp., _cc1990. |
||
| 300 |
_axiv, 336 p. : _bill. ; _c24 cm. + _e1 computer disk (5 1/4 in.) |
||
| 500 | _a"Based on DOS releases 3.3 and 4.0"--T.p. verso. | ||
| 500 | _aIncludes index. | ||
| 500 | _aSystem requirements for computer disk: IBM PC, PC XT, AT, PS/2, or an IBM compatible; at least 384K RAM; MS-DOS or PC-DOS 3.3 (3.0, 3.1, and 3.2 have all the features needed for most lessons); 2 disk drives or 1 disk drive and a hard disk; monochrome or color monitor; printer (optional but recommended). | ||
| 526 |
_a0 _b0 _c0 _d005_446000000000000_EWI |
||
| 650 |
_aMCE _9379 |
||
| 700 | 1 |
_aHalliday, Caroline M. _936840 |
|
| 700 | 1 |
_aWatson, J. D. _936841 |
|
| 942 |
_2ddc _cBK |
||
| 999 |
_c541794 _d541794 |
||